Panorama de la poesía amalfitana (Registro nro. 62917)

Detalles MARC
001 - NÚMERO DE CONTROL
campo de control 56417
005 - FECHA Y HORA DE LA ÚLTIMA TRANSACCIÓN
campo de control 20260506072333.0
008 - DATOS DE LONGITUD FIJA--INFORMACIÓN GENERAL
campo de control de longitud fija 960313s1988 spa
035 ## - NÚMERO DE CONTROL DEL SISTEMA
Número de control de sistema 56417
035 ## - NÚMERO DE CONTROL DEL SISTEMA
Número de control de sistema (OCoLC)778160858
040 ## - FUENTE DE LA CATALOGACIÓN
Centro/agencia transcriptor comduadb
041 ## - CÓDIGO DE LENGUA
Código de lengua del texto/banda sonora o título independiente spa
082 #4 - NÚMERO DE LA CLASIFICACIÓN DECIMAL DEWEY
Número de clasificación C861
100 10 - ENTRADA PRINCIPAL--NOMBRE DE PERSONA
Nombre de persona Escobar Sanin, Roberto
Código de función aut
Término indicativo de función/relación Autor/a
9 (RLIN) 254545
245 10 - MENCIÓN DE TÍTULO
Título Panorama de la poesía amalfitana
260 ## - PUBLICACIÓN, DISTRIBUCIÓN, ETC.
Lugar de publicación, distribución, etc. Bogotá :
Nombre del editor, distribuidor, etc. Pluma de Oro,
Fecha de publicación, distribución, etc. 1988.
300 ## - DESCRIPCIÓN FÍSICA
Extensión 130 páginas
520 3# - SUMARIO, ETC.
Sumario, etc. "En este panorama de la poesía amalfitana quedan incluidos los parnásidas del pretérito, del presente y los neóticos que empiezan a describir su parábola radiante en la lírica."
650 ## - PUNTO DE ACCESO ADICIONAL DE MATERIA--TÉRMINO DE MATERIA
Término de materia o nombre geográfico como elemento de entrada Poetas amalfitanos
9 (RLIN) 24987
650 ## - PUNTO DE ACCESO ADICIONAL DE MATERIA--TÉRMINO DE MATERIA
Término de materia o nombre geográfico como elemento de entrada Amalfi (Antioquia) - Poesía
9 (RLIN) 44861
650 #7 - PUNTO DE ACCESO ADICIONAL DE MATERIA--TÉRMINO DE MATERIA
Término de materia o nombre geográfico como elemento de entrada Poesía antioqueña
Fuente del encabezamiento o término lemb
9 (RLIN) 1563
650 #7 - PUNTO DE ACCESO ADICIONAL DE MATERIA--TÉRMINO DE MATERIA
Término de materia o nombre geográfico como elemento de entrada Poetas antioqueños
Fuente del encabezamiento o término lemb
9 (RLIN) 475
700 10 - ENTRADA AGREGADA--NOMBRE PERSONAL
Nombre de persona Ibarbo Sepúlveda, Alberto,
Fechas asociadas al nombre 1942-
Código de función aut
Término indicativo de función/relación Autor/a
9 (RLIN) 254546
942 ## - ELEMENTOS DE ENTRADA AGREGADA (KOHA)
Tipo de ítem Koha Libros
Existencias
Estado de retiro Estado de pérdida Estado dañado No para préstamo Código de colección Localización permanente Ubicación/localización actual Fecha de adquisición Fuente de adquisición Número de inventario Total de préstamos Signatura topográfica completa Código de barras Fecha visto por última vez Número de copia Precio válido a partir de Tipo de ítem Koha Coste, precio normal de compra
        Memoria Regional Biblioteca Campus Amalfi Biblioteca Campus Amalfi 15/11/2022 Material adquirido por donación C13328851   C861 E74 01090788 21/04/2023 3 21/04/2023 Libros 20000.00
  Extraviado Inventario     Memoria Regional Biblioteca Campus Amalfi Biblioteca Campus Amalfi 08/10/2019 Material adquirido por donación C1322131   C861 E74 01086443 21/04/2023 4 21/04/2023 Libros  
        Colección Antioquia 4to piso Biblioteca Carlos Gaviria Díaz, Campus Medellín Biblioteca Carlos Gaviria Díaz, Campus Medellín 14/05/1998 Material adquirido por donación C92791   C861 E74p 61000002766810 21/04/2023 1 21/04/2023 Libros - Reserva  
        Colección Antioquia 4to piso Biblioteca Carlos Gaviria Díaz, Campus Medellín Biblioteca Carlos Gaviria Díaz, Campus Medellín 14/05/1998 Material adquirido por donación C92792   C861 E74p e2 61000002767487 21/04/2023 2 21/04/2023 Libros - Reserva